000 00517nam a2200169Ia 4500
008 241217s9999||||xx |||||||||||||| ||und||
020 _a9780071159021
_c0
040 _beng
_cSSK Library
_erda
082 _a616.0754076 PHY.3
245 0 _aPretest Physical Diagnosis: Pretest Self-Assessment And Review
250 _a3rd ed
260 _b Mcgraw-Hill Inc., Health Professions Division
_c©1998
700 _a Tyson K. Cobb
942 _2Dewey Decimal Classification
_cBOOK
_nNo
999 _c20543
_d20543
003 OSt
005 20241217112750.0